Qualitative journeys : (Record no. 8179)

000 -LEADER
fixed length control field 01030cam a2200301 a 4500
003 - CONTROL NUMBER IDENTIFIER
control field OSt
005 - DATE AND TIME OF LATEST TRANSACTION
control field 20200810124001.0
008 - FIXED-LENGTH DATA ELEMENTS--GENERAL INFORMATION
fixed length control field 081121s2010 caua b 001 0 eng
010 ## - LIBRARY OF CONGRESS CONTROL NUMBER
LC control number 2008049623
020 ## - INTERNATIONAL STANDARD BOOK NUMBER
International Standard Book Number 9781412956765 (cloth : acid free paper)
020 ## - INTERNATIONAL STANDARD BOOK NUMBER
International Standard Book Number 1412956765 (cloth : acid free paper)
020 ## - INTERNATIONAL STANDARD BOOK NUMBER
International Standard Book Number 9781412956772 (pbk. : acid free paper)
020 ## - INTERNATIONAL STANDARD BOOK NUMBER
International Standard Book Number 1412956773 (pbk. : acid free paper)
035 ## - SYSTEM CONTROL NUMBER
System control number (OCoLC)ocn251216515
035 ## - SYSTEM CONTROL NUMBER
System control number (OCoLC)251216515
050 00 - LIBRARY OF CONGRESS CALL NUMBER
Classification number H62
Item number .Q348 2010
082 00 - DEWEY DECIMAL CLASSIFICATION NUMBER
Classification number 001.4/2
Edition number 22
245 00 - TITLE STATEMENT
Title Qualitative journeys :
Remainder of title student and mentor experiences with research /
Statement of responsibility, etc Victor Minichiello, Jeffrey A. Kottler, editors.
260 ## - PUBLICATION, DISTRIBUTION, ETC. (IMPRINT)
Place of publication, distribution, etc Los Angeles :
Name of publisher, distributor, etc SAGE,
Date of publication, distribution, etc c2010.
300 ## - PHYSICAL DESCRIPTION
Extent xix, 307 p. :
Other physical details ill. ;
Dimensions 26 cm.
504 ## - BIBLIOGRAPHY, ETC. NOTE
Bibliography, etc Includes bibliographical references and index.
650 #0 - SUBJECT ADDED ENTRY--TOPICAL TERM
Topical term or geographic name as entry element Social sciences
General subdivision Research.
650 #0 - SUBJECT ADDED ENTRY--TOPICAL TERM
Topical term or geographic name as entry element Qualitative research.
650 #0 - SUBJECT ADDED ENTRY--TOPICAL TERM
Topical term or geographic name as entry element Mentoring in education.
700 1# - ADDED ENTRY--PERSONAL NAME
Personal name Minichiello, Victor.
700 1# - ADDED ENTRY--PERSONAL NAME
Personal name Kottler, Jeffrey A.
942 ## - ADDED ENTRY ELEMENTS (KOHA)
Source of classification or shelving scheme
Holdings
Withdrawn status Lost status Source of classification or shelving scheme Damaged status Koha normalized classification for sorting Not for loan Permanent location Current location Date acquired Total Checkouts Total Renewals Full call number Barcode Date last seen Date last borrowed Price effective from Koha item type Public note
        001_420000000000000   BMS College of Architecture, Design and Planning BMS College of Architecture, Design and Planning 2020-08-10 3 2 001.42 AR-RD87 2025-12-24 2025-11-26 2020-08-10 R&D Books S-01
Copyright © 2025, The Librarian, Library and Information Centre, BMSCA D&P, Bengaluru. All Rights Reserved
web counter

Powered by Koha